College Quizbowl Stats
College Quizbowl Stats
Circuits
Seasons
Sets
Records
Detailed Stats
About
Loading...
2024 ARCADIA at Florida Tech
Tossups
Bonuses
Players
Teams
Categories (Tossup)
Categories (Bonus)
Bill Zhao
Florida B
Categories
Category
Powers
Gets
Negs
BBs
Points
Earliest Buzz
Avg. Buzz
First Buzzes
Top 3 Buzzes
Science - Chemistry
2
4
2
0
60
54
80.17
4
6
Science - Physics
1
5
1
0
60
61
79.33
5
6
Science - Other Science
1
4
0
1
55
58
98.00
1
5
Social Science
0
1
0
0
10
71
71.00
1
1
Science - Biology
0
1
1
0
5
94
94.00
0
1
Buzzes
Category
Answer
Value
Buzz Position
Science - Chemistry
ligands
15
54
Science - Chemistry
gas chromatography
-5
55
Science - Chemistry
dyes
15
57
Science - Other Science
stars
15
58
Science - Physics
nuclei
15
61
Science - Biology
cilia
-5
62
Science - Physics
magnetism
10
65
Social Science
consumption
10
71
Science - Physics
compression
-5
72
Science - Chemistry
boron
10
74
Previous
1
2
3
Next